| 000 | 00587cam a2200217 4500 | ||
|---|---|---|---|
| 001 | M1550 | ||
| 008 | 090401t1973 xxu||||| |||| 00| 0 eng d | ||
| 035 | _a(Sirsi) u32758 | ||
| 041 | _aeng | ||
| 050 | _a692.9 | ||
| 110 |
_aInstitute of Building _92440 |
||
| 245 | _aSub-contractors: invitation to tender and adjudication of quotations. | ||
| 260 |
_aAscot _bInstitute of Building _c1973 |
||
| 300 | _a(5)p. ; 30cm | ||
| 350 | _a0 | ||
| 490 |
_aEstimating Information Service _v7 |
||
| 650 | _aSUBCONTRACTING | ||
| 690 | _aBUILT ENVIRONMENT | ||
| 942 | _n0 | ||
| 948 | _c04/03/1997 | ||
| 999 |
_c89754 _d89754 |
||